|
|
|
|
| LEADER |
00000nam a22000007a 4500 |
| 005 |
20200921220145.0 |
| 007 |
cr|||| |||| |
| 008 |
200921s2020 co |||||s|||| 00||0 spa d |
| 020 |
|
|
|a 978-958-784-396-5
|
| 035 |
|
|
|a 32082
|
| 040 |
|
|
|a vLex
|
| 090 |
|
|
|c 10738
|d 10738
|
| 100 |
1 |
|
|a Carreǫ Bustamante, Mara̕ Teresa
|
| 245 |
1 |
0 |
|a Gestin̤ del conocimiento para la innovacin̤ de los programas de Derecho e Ingeniera̕ de Sistemas y Telecomunicaciones
|h [Recurso electrn̤ico] /
|c Mara̕ Teresa Carreǫ Bustamante, Mn̤ica Cecilia Montoya Escobar, Omar Antonio Vega, Camilo Gonzl̀ez Carreǫ
|
| 256 |
|
|
|a Servicio en ln̕ea
|
| 260 |
|
|
|a Bogot:̀
|b Editorial Universidad de Rosario (Colombia),
|c 2020
|
| 300 |
|
|
|a 1 recurso electrn̤ico
|
| 500 |
|
|
|a Esta obra presenta un enfoque innovador que le permite al lector introducirse en la gestin̤ del conocimiento en ambientes educativos, principalmente de instituciones de educacin̤ superior. Explora, analiza y presenta experiencias de la gestin̤ del conocimiento en la Universidad de Manizales, en las facultades de Ciencias Jurd̕icas y Ciencias e Ingeniera̕, especf̕icamente en los programas de pregrado en Derecho e Ingeniera̕ de Sistemas y Telecomunicaciones. El libro ren︢e el esfuerzo de varios autores, quienes en siete capt̕ulos caracterizan los principales procesos de la gestin̤ del conocimiento en los programas acadm̌icos; es decir, la adquisicin̤, el almacenamiento, la transferencia, la aplicacin̤ y la creacin̤ del conocimiento.
|
| 506 |
1 |
|
|a Disponible solo en los productos indicados
|d vLex Global
|d vLex Global (Academic Edition, excluding Law Schools)
|d vLex Global (U.S. Academic Edition, Law Schools)
|d vLex Global (U.S. Academic Edition, excluding Law Schools)
|d vLex Global (Academic Edition, Law Schools)
|
| 650 |
|
|
|a Telecomunicaciones
|z Colombia
|
| 700 |
1 |
|
|a Montoya Escobar, Mn̤ica Cecilia
|
| 700 |
1 |
|
|a Vega, Omar Antonio
|
| 700 |
1 |
|
|a Gonzl̀ez Carreǫ, Camilo
|
| 740 |
0 |
|
|a vLex Libros (Servicio en ln̕ea)
|
| 856 |
4 |
0 |
|u http://vlex.com/source/gestion-del-conocimiento-para-la-innovacion-de-los-programas-de-derecho-e-ingenieria-de-sistemas-y-telecomunicaciones-32082
|z Acceso restringido
|
| 942 |
|
|
|c BOOK
|
| 999 |
0 |
|
|a Telecommunications
|